000 00270nam a22001097a 4500
008 170120b xxu||||| |||| 00| 0 eng d
020 _a9780201125979
041 _aeng
080 _22ND
_a618.2
245 _aESSENTIALS OF MENTAL HEALTH NURSING
_cCOOK, J.S
942 _2udc
_cBK
999 _c3299
_d3299